Patterns of classroom interaction in Southeast Asia
Saved in:
| Other Authors: | |
|---|---|
| Format: | Book |
| Language: | English |
| Published: |
Singapore :
Seameo,
1987.
|
| Series: | Anthology series (Singapore)
|
| Subjects: | |
| Tags: |
Add Tag
No Tags, Be the first to tag this record!
|
MARC
| LEADER | 00000cam a2200000 i 4500 | ||
|---|---|---|---|
| 001 | 1/22114 | ||
| 008 | 960712s1987 si | ||| |||| ||eng|| | ||
| 020 | |a 9971740249 | ||
| 035 | |a 1987 |c Αγορά |l 10036478 | ||
| 040 | |a GR-MyUa |b gre |e AACR2 | ||
| 041 | 0 | |a eng | |
| 082 | 7 | |a 371.1020959 |2 (22) | |
| 245 | 0 | 0 | |a Patterns of classroom interaction in Southeast Asia / |c edited by Bikram K. Das. |
| 260 | |a Singapore : |b Seameo, |c 1987. | ||
| 300 | |a 206 σ. : |b εικ. ; |c 22 εκ. | ||
| 490 | 1 | |a (Anthology series ; |v 17) | |
| 500 | |a Selected papers from the Relc seminar on patterns of classroom interaction in Southeast Asia. | ||
| 650 | 0 | |a Interaction analysis in education. | |
| 650 | 0 | |a Teacher-student relationships |z Asia, Southeastern. | |
| 700 | 1 | |a Das, Bikram K. |e edt | |
| 830 | 0 | |a Anthology series (Singapore) | |
| 852 | |a INST |b RHODES |e 19960712 |h 371.1020959 PAT |p 005400004188 |q 005400004188 |t BK |y 0 | ||